000
00304nam a2200145Ia 4500
100
_a
Nikolaev/ Olshansky
942
_c
BK
654
_a
Welding
245
_a
Advanced welding processes
260
_b
Mir Publishers
082
_a
671.52
_b
NIK/OLS
300
_a
247
546
_a
ENGLISH
999
_c
21983
_d
21983